| 000 | 00656nam a2200217 a 4500 | ||
|---|---|---|---|
| 001 | 50447 | ||
| 003 | BD-RJUL | ||
| 005 | 20211209075517.0 | ||
| 008 | 160827s1961 maua 000 0 eng d | ||
| 035 | _aBD-RJUL 50567 | ||
| 040 |
_aDLC/ICU _cCGU _beng |
||
| 041 | _aeng | ||
| 082 |
_222 _a512.5 _bHAL 1965 |
||
| 100 | 1 | 0 |
_aHadley, G. _q(George), _d1930- _9151152 |
| 245 | 1 | 0 |
_aLinear algebra / _cby G. Hadley |
| 260 |
_aReading, Mass : _aLondon : _bAddison-Wesley, _cc1961 [printing 1965] |
||
| 300 |
_a290 p. : _bill ; _c24 cm |
||
| 650 | 0 |
_aAlgebras, Linear _9137168 |
|
| 830 | 0 |
_aAddison-Wesley series in industrial management _9151153 |
|
| 942 |
_2ddc _cBK |
||
| 999 |
_c50447 _d50447 |
||